| 000 | 04455nam a22004337a 4500 | ||
|---|---|---|---|
| 005 | 20091113101412.0 | ||
| 008 | 091113t xxu||||| |||| 00| j hin d | ||
| 010 | _aHIN-88501 | ||
| 020 |
_c300.00 _a818708016x |
||
| 035 | _aHN-60847 | ||
| 035 | _aB-367918-930 | ||
| 037 | _bबुक्स इण्डिया / PUB | ||
| 040 |
_aDPL _bHN |
||
| 082 | _aक | ||
| 245 |
_aभारतीय महिला कथाकारों की श्रेष्ठ कहानियाँ / _cशीतांशु भारद्वाज द्वारा संपादित एवं संकलित |
||
| 246 |
_aBhartiya Mahila Kathakaron ki Vishistha Kahaaniyan / _bEdited & Compiled by Sheetanshu Bhardwaj |
||
| 260 |
_aनई दिल्ली _bबुक्स इण्डिया _c2009 |
||
| 270 |
_a16/एफ-3, अंसारी रोड, दरियागंज _bनई दिल्ली _e110002 |
||
| 300 |
_a248पृ _c22सेमी (सजिल्द) |
||
| 650 |
_aलघु कथाएँ, हिन्दी _91169 |
||
| 650 |
_aShort Stories, Hindi _92029 |
||
| 700 |
_aभारद्वाज, शीतांशु _91297 |
||
| 942 |
_2ddc _cHN _hक _mभारती |
||
| 999 |
_c31750 _d31750 |
||